00778nam a2200217Ia 4500952009400000999001700094008004100111020001500152050001800167082001800185100002600203245010700229260003500336300001800371500002200389519004100411519004100452650003200493650002800525942000700553 00104070a15b15d2008-07-03l0o658.11 F596Np15 002791r2017-12-07t1w2012-06-28yLB c76320d76320120629s2000 mx 000 0 spa d a9701026942 aHD31bF572718 a658.11bF596n aFleitman, Jackeautor aNegocios exitososb : cómo empezar, administrar y operar eficientemente un negocioc / Jack Fleitman aMéxicob : McGraw-Hillc2000 a383 páginas aContiene Glosario aMaterial Complementariod(15 002791) aMaterial Complementariod(09 001439)14aADMINISTRACIÓN INDUSTRIAL 0aÉXITO EN LOS NEGOCIOS cLB